| 000 | 00337nam a2200121Ia 4500 | ||
|---|---|---|---|
| 008 | 210430s9999 xx 000 0 und d | ||
| 082 | _a620.112 H2331 H | ||
| 100 | _aJean Lemaitre | ||
| 245 |
_aHandbook of Materials Behavior Models 1 _cJean Lemaitre |
||
| 260 |
_aSan Diego _bAcademic Press _c2001 |
||
| 300 | _a407p. | ||
| 942 |
_cBK _2ddc |
||
| 999 |
_c563003 _d563003 |
||